[Event "Zadar op-B 25th"]
[Site "Zadar"]
[Date "2018.12.19"]
[Round "6"]
[White "Lasic, Vitomir"]
[Black "Guthmann, Peter"]
[Result "0-1"]
[WhiteElo "1901"]
[BlackElo "2169"]
[PlyCount "70"]
[EventDate "2018.12.15"]
[EventType "swiss"]
[EventRounds "9"]
[EventCountry "CRO"]
[SourceTitle "CBM 188 Extra"]
[Source "ChessBase"]
[SourceDate "2019.02.26"]
[SourceVersion "1"]
[SourceVersionDate "2019.02.26"]
[SourceQuality "1"]

1. d4 Nf6 2. Nc3 d5 3. Bg5 Nbd7 4. Nf3 c5 5. e3 e6 6. Bb5 Be7 7. Ne5 a6 8. Nxd7 Bxd7 9. Bxd7+ Qxd7 10. 0-0 Rc8 11. Qd3 cxd4 12. exd4 0-0 13. f4 g6 14. Rae1 b5 15. a3 Rc4 16. g4 Nxg4 17. Bxe7 Qxe7 18. h3 Nf6 19. f5 gxf5 20. Rxf5 Ne4 21. Rh5 f5 22. Nxe4 dxe4 23. Qg3+ Kh8 24. Qe5+ Qg7+ 25. Qxg7+ Kxg7 26. c3 Kg6 27. Rh4 h5 28. Rf4 a5 29. Kh2 Rcc8 30. Rg1+ Kf6 31. Rgf1 Ke7 32. Rh4 Rh8 33. Rg1 Kf6 34. Rf4 b4 35. axb4 axb4 0-1

[Event "Zadar op-B 25th"]
[Site "Zadar"]
[Date "2018.12.16"]
[Round "3"]
[White "Guthmann, Peter"]
[Black "Levacic, Matej"]
[Result "0-1"]
[WhiteElo "2169"]
[BlackElo "1833"]
[PlyCount "60"]
[EventDate "2018.12.15"]
[EventType "swiss"]
[EventRounds "9"]
[EventCountry "CRO"]
[SourceTitle "CBM 188 Extra"]
[Source "ChessBase"]
[SourceDate "2019.02.26"]
[SourceVersion "1"]
[SourceVersionDate "2019.02.26"]
[SourceQuality "1"]

1. e4 c6 2. d4 d5 3. exd5 cxd5 4. Bd3 Nc6 5. c3 Nf6 6. Bf4 g6 7. Nd2 Bf5 8. Bxf5 gxf5 9. Qb3 Qb6 10. Ngf3 e6 11. 0-0 Be7 12. Rfe1 0-0 13. Qc2 Rac8 14. Nb3 a5 15. a4 Ne4 16. Qd1 Kh8 17. Ne5 Nxe5 18. Bxe5+ f6 19. Bf4 e5 20. Bh6 Rg8 21. f3 Nd6 22. Rb1 Rg6 23. Be3 Nc4 24. Bf2 Rcg8 25. g3 e4 26. f4 Bd6 27. Kf1 Qxb3 28. Qxb3 Nd2+ 29. Ke2 Nxb3 30. Kd1 b5 0-1

[Event "Zadar op-B 25th"]
[Site "Zadar"]
[Date "2018.12.16"]
[Round "2"]
[White "Kanov, Nikola"]
[Black "Guthmann, Peter"]
[Result "1-0"]
[WhiteElo "1917"]
[BlackElo "2169"]
[PlyCount "83"]
[EventDate "2018.12.15"]
[EventType "swiss"]
[EventRounds "9"]
[EventCountry "CRO"]
[SourceTitle "CBM 188 Extra"]
[Source "ChessBase"]
[SourceDate "2019.02.26"]
[SourceVersion "1"]
[SourceVersionDate "2019.02.26"]
[SourceQuality "1"]

1. e4 c5 2. Nf3 e6 3. d4 cxd4 4. Nxd4 Nc6 5. Nc3 Qc7 6. Be2 Nf6 7. 0-0 Be7 8. Be3 d6 9. f4 Bd7 10. Kh1 Nxd4 11. Bxd4 e5 12. fxe5 dxe5 13. Be3 0-0 14. Qe1 Bb4 15. Qg3 Bxc3 16. Rxf6 Kh8 17. Qh4 Qd8 18. Bg5 Bd2 19. Rh6 gxh6 20. Bxd8 Raxd8 21. Qf6+ Kg8 22. Qxe5 Bc6 23. Bd3 Rde8 24. Qf5 Re6 25. Rf1 Rg6 26. Bc4 Kh8 27. Qe5+ Kg8 28. Qe7 Rg7 29. h4 Ba5 30. Rf4 Bd8 31. Qd6 Bb6 32. Bd5 Rg6 33. Qe7 Rg7 34. c4 Bd8 35. Qd6 Rg6 36. Qe5 Bb6 37. Qe7 Be8 38. c5 Ba5 39. Qxb7 Bd2 40. Rf3 Rg4 41. g3 Kh8 42. Qe7 1-0

[Event "Mittelfranken-chTB1 1718"]
[Site "Mittelfranken"]
[Date "2017.11.19"]
[Round "3.1"]
[White "Brenner, Christian"]
[Black "Guthmann, Peter"]
[Result "0-1"]
[WhiteElo "1920"]
[BlackElo "2236"]
[PlyCount "56"]
[EventDate "2017.10.08"]
[EventType "team-tourn"]
[EventRounds "9"]
[EventCountry "GER"]
[SourceTitle "EXT 2022"]
[Source "ChessBase"]
[SourceDate "2021.10.06"]
[SourceVersion "1"]
[SourceVersionDate "2021.10.06"]
[SourceQuality "1"]
[WhiteTeam "Nuernberg Zabo Eintracht"]
[BlackTeam "Gunzenhausen"]
[WhiteTeamCountry "GER"]
[BlackTeamCountry "GER"]

1. e4 c5 2. Nf3 Nc6 3. d4 cxd4 4. Nxd4 e6 5. Nc3 Qc7 6. Be2 a6 7. 0-0 Nf6 8. Kh1 Be7 9. Be3 0-0 10. f4 d6 11. Qe1 Nxd4 12. Bxd4 b5 13. Bd3 b4 14. Na4 e5 15. Bg1 Rb8 16. Rd1 Nh5 17. f5 g6 18. Qe3 Bd8 19. Qh6 Qe7 20. Be3 Qh4 21. Rf3 d5 22. Rh3 Qg4 23. Rf1 dxe4 24. Bc5 Re8 25. fxg6 hxg6 26. Rxf7 Kxf7 27. Qh7+ Ng7 28. Rg3 Qh5 0-1

[Event "Mittelfranken-chTB1 1617"]
[Site "Mittelfranken"]
[Date "2016.10.23"]
[Round "1.1"]
[White "Guthmann, Peter"]
[Black "Engelmann, Wolfgang"]
[Result "1-0"]
[WhiteElo "2236"]
[BlackElo "2040"]
[PlyCount "89"]
[EventDate "2016.10.23"]
[EventType "team-tourn"]
[EventRounds "9"]
[EventCountry "GER"]
[SourceTitle "EXT 2022"]
[Source "ChessBase"]
[SourceDate "2021.10.06"]
[SourceVersion "1"]
[SourceVersionDate "2021.10.06"]
[SourceQuality "1"]
[WhiteTeam "Gunzenhausen"]
[BlackTeam "Rothenburg"]
[WhiteTeamCountry "GER"]
[BlackTeamCountry "GER"]

1. e4 e5 2. Nf3 Nc6 3. Bb5 a6 4. Ba4 Nf6 5. 0-0 d6 6. c3 b5 7. Bb3 Bg4 8. d3 Be7 9. h3 Bh5 10. Nbd2 Na5 11. Bc2 c5 12. Re1 0-0 13. Nf1 Qd7 14. Ng3 Bg6 15. Nh4 Rfe8 16. Nhf5 Bf8 17. Bg5 d5 18. Bxf6 gxf6 19. Qf3 d4 20. cxd4 cxd4 21. Rec1 Rec8 22. Qd1 Rc6 23. Qd2 Rac8 24. Qxa5 Rxc2 25. Rxc2 Rxc2 26. Qxa6 Rxb2 27. Qxf6 Qc7 28. h4 Qc2 29. Rf1 Rxa2 30. h5 Bxf5 31. Nxf5 Qc7 32. Qg5+ Kh8 33. Rc1 Rc2 34. Ra1 Qb8 35. Qf6+ Kg8 36. h6 Rc7 37. Qg5+ Kh8 38. Qf6+ Kg8 39. Kh2 Rb7 40. Qg5+ Kh8 41. Qf6+ Kg8 42. Ra6 b4 43. Rd6 b3 44. Qg5+ Kh8 45. Rd8 1-0

[Event "Regionalliga NO 1415"]
[Site "Bayern"]
[Date "2015.04.12"]
[Round "9.1"]
[White "Kilgus, Georg"]
[Black "Guthmann, Peter"]
[Result "1/2-1/2"]
[WhiteElo "2430"]
[BlackElo "2207"]
[PlyCount "110"]
[EventDate "2014.10.19"]
[EventType "team-tourn"]
[EventRounds "9"]
[EventCountry "GER"]
[SourceTitle "EXT 2018"]
[Source "ChessBase"]
[SourceDate "2017.10.13"]
[SourceVersion "1"]
[SourceVersionDate "2017.10.13"]
[SourceQuality "1"]
[WhiteTeam "Regensburg Bavaria"]
[BlackTeam "Gunzenhausen"]
[WhiteTeamCountry "GER"]
[BlackTeamCountry "GER"]

1. Nf3 Nf6 2. g3 g6 3. Bg2 Bg7 4. c4 d6 5. d4 0-0 6. 0-0 Nc6 7. Nc3 Rb8 8. Bf4 a6 9. Rc1 Nh5 10. Bg5 h6 11. Be3 e5 12. b3 f5 13. dxe5 dxe5 14. Qxd8 Nxd8 15. Rfd1 Ne6 16. Ne1 Re8 17. Nd3 e4 18. Nc5 Nxc5 19. Bxc5 Bxc3 20. Rxc3 Be6 21. f3 Nf6 22. Kf2 exf3 23. exf3 Rbd8 24. Rcd3 Rxd3 25. Rxd3 Kf7 26. Bb4 b6 27. h4 g5 28. hxg5 hxg5 29. Rd1 Kg6 30. a4 b5 31. axb5 axb5 32. cxb5 Bxb3 33. Rc1 Nd5 34. Rc6+ Kf7 35. Bd2 f4 36. Bf1 Ra8 37. Ra6 Rh8 38. Ra3 Rh2+ 39. Ke1 fxg3 40. Rxb3 g2 41. Bxg2 Rxg2 42. Rd3 Ke6 43. Rd4 Ke5 44. Re4+ Kf5 45. Rc4 g4 46. Rd4 Nf6 47. fxg4+ Rxg4 48. Rxg4 Kxg4 49. Ke2 Kf5 50. Kd3 Ke6 51. Bf4 Nd5 52. Bxc7 Nxc7 53. b6 Na6 54. b7 Kd7 55. b8Q Nxb8 1/2-1/2

[Event "Regionalliga NO 1415"]
[Site "Bayern"]
[Date "2015.01.18"]
[Round "5.1"]
[White "Guthmann, Peter"]
[Black "Burggraf, Michael"]
[Result "1-0"]
[WhiteElo "2207"]
[BlackElo "2075"]
[PlyCount "55"]
[EventDate "2014.10.19"]
[EventType "team-tourn"]
[EventRounds "9"]
[EventCountry "GER"]
[SourceTitle "EXT 2018"]
[Source "ChessBase"]
[SourceDate "2017.10.13"]
[SourceVersion "1"]
[SourceVersionDate "2017.10.13"]
[SourceQuality "1"]
[WhiteTeam "Gunzenhausen"]
[BlackTeam "Forchheim II"]
[WhiteTeamCountry "GER"]
[BlackTeamCountry "GER"]

1. e4 c6 2. d4 d5 3. Nc3 dxe4 4. Nxe4 Nd7 5. Ng5 Ngf6 6. Bd3 e6 7. N1f3 h6 8. Nxe6 fxe6 9. Bg6+ Ke7 10. Bf4 Qa5+ 11. c3 Kd8 12. 0-0 Be7 13. a4 Qd5 14. Qc2 b5 15. Ne5 Nxe5 16. dxe5 Nd7 17. Be4 Qc4 18. b3 Qc5 19. b4 Qb6 20. Be3 Qb7 21. axb5 Qxb5 22. Ra5 Qb7 23. b5 Qc7 24. bxc6 Nxe5 25. Qa4 Bd6 26. Rd1 Ke7 27. Rxd6 Ng4 28. Bc5 1-0

[Event "Regionalliga NO 1415"]
[Site "Bayern"]
[Date "2014.10.19"]
[Round "1.1"]
[White "Guthmann, Peter"]
[Black "Kraft, Volker"]
[Result "1-0"]
[WhiteElo "2207"]
[BlackElo "2294"]
[PlyCount "143"]
[EventDate "2014.10.19"]
[EventType "team-tourn"]
[EventRounds "9"]
[EventCountry "GER"]
[SourceTitle "EXT 2018"]
[Source "ChessBase"]
[SourceDate "2017.10.13"]
[SourceVersion "1"]
[SourceVersionDate "2017.10.13"]
[SourceQuality "1"]
[WhiteTeam "Gunzenhausen"]
[BlackTeam "Zirndorf"]
[WhiteTeamCountry "GER"]
[BlackTeamCountry "GER"]

1. e4 e5 2. Nf3 Nc6 3. Bb5 a6 4. Ba4 Nge7 5. 0-0 g6 6. d4 exd4 7. Nxd4 Bg7 8. Be3 0-0 9. c4 d6 10. Nc3 Ne5 11. Bb3 c5 12. Nde2 f5 13. Qd2 Nf7 14. Rad1 fxe4 15. Nxe4 Nf5 16. Bf4 Re8 17. f3 g5 18. Nxg5 Rxe2 19. Qxe2 Nxg5 20. Bxg5 Qxg5 21. Qe8+ Bf8 22. Rfe1 Nh4 23. Re2 Qg6 24. Bc2 Qxe8 25. Rxe8 Kf7 26. Rde1 Ng6 27. Bf5 Bxf5 28. Rxa8 Bd7 29. b3 Bc6 30. Rc8 h5 31. Kf2 Ne5 32. Rd1 Be7 33. h3 h4 34. Rd2 Ke6 35. Re2 Kd7 36. Rg8 Bf6 37. f4 Nf7 38. g4 hxg3+ 39. Kxg3 Be7 40. Rg7 Ke8 41. Rg8+ Kd7 42. Rg6 b5 43. h4 bxc4 44. bxc4 Ba4 45. h5 Bd1 46. Rh2 Bf8 47. h6 Nxh6 48. Rhxh6 Bxh6 49. Rxh6 Be2 50. f5 Bxc4 51. a3 d5 52. Kf4 d4 53. Ke5 d3 54. Rd6+ Ke7 55. f6+ Ke8 56. Kf5 Bg8 57. Kg6 c4 58. Kg7 Bf7 59. Rd4 Be6 60. Re4 Kd7 61. f7 Bxf7 62. Kxf7 Kd6 63. Rxc4 Kd5 64. Rc1 a5 65. a4 Ke4 66. Ke6 d2 67. Rh1 Kd4 68. Kd6 Kc4 69. Kc6 Kb4 70. Ra1 d1Q 71. Rxd1 Kxa4 72. Kb6 1-0

[Event "Pyramiden Franken Cup"]
[Site "Fuerth"]
[Date "2014.09.07"]
[Round "6"]
[White "Guthmann, Peter"]
[Black "Nuding, Matthias"]
[Result "1/2-1/2"]
[WhiteElo "2179"]
[BlackElo "2123"]
[PlyCount "98"]
[EventDate "2014.09.04"]
[EventType "swiss"]
[EventRounds "7"]
[EventCountry "GER"]
[SourceTitle "CBM 162 Extra"]
[Source "ChessBase"]
[SourceDate "2014.10.17"]
[SourceVersion "1"]
[SourceVersionDate "2014.10.17"]
[SourceQuality "1"]

1. e4 c6 2. d4 d5 3. Nc3 dxe4 4. Nxe4 Bf5 5. Ng3 Bg6 6. h4 h6 7. Nf3 Nd7 8. h5 Bh7 9. Bd3 Bxd3 10. Qxd3 e6 11. Bd2 Ngf6 12. 0-0-0 Be7 13. Kb1 0-0 14. Ne4 Nxe4 15. Qxe4 Nf6 16. Qe2 Qd5 17. Ne5 Qe4 18. Qxe4 Nxe4 19. Be3 Rfd8 20. g4 Bg5 21. Bxg5 Nxg5 22. c3 Ne4 23. Rhf1 Nf6 24. f4 Nd7 25. Kc2 Nxe5 26. fxe5 Rd7 27. Rd3 Rc8 28. b4 a5 29. a3 Ra8 30. Rg3 axb4 31. axb4 b5 32. g5 hxg5 33. Rxg5 Ra2+ 34. Kd3 Kh7 35. Rfg1 f6 36. exf6 gxf6 37. Rg6 Rf2 38. Ke3 Rf5 39. h6 e5 40. Rg7+ Rxg7 41. Rxg7+ Kxh6 42. Rc7 exd4+ 43. cxd4 Rf1 44. Rxc6 Rb1 45. Rxf6+ Kg7 46. Rf2 Rxb4 47. d5 Rh4 48. Kd3 b4 49. Rf3 b3 1/2-1/2

[Event "Regionalliga NO 1314"]
[Site "Bayern"]
[Date "2013.11.24"]
[Round "3.1"]
[White "Guthmann, Peter"]
[Black "Meulner, Klaus"]
[Result "1-0"]
[WhiteElo "2162"]
[BlackElo "2096"]
[PlyCount "65"]
[EventDate "2013.10.13"]
[EventType "team-tourn"]
[EventRounds "9"]
[EventCountry "GER"]
[SourceTitle "EXT 2015"]
[Source "ChessBase"]
[SourceDate "2014.11.20"]
[SourceVersion "1"]
[SourceVersionDate "2014.11.20"]
[SourceQuality "1"]
[WhiteTeam "Gunzenhausen"]
[BlackTeam "Nuernberg Sued SW II"]
[WhiteTeamCountry "GER"]
[BlackTeamCountry "GER"]

1. e4 e6 2. d4 d5 3. Nc3 Nf6 4. Bg5 Bb4 5. e5 h6 6. Bd2 Bxc3 7. bxc3 Ne4 8. Qg4 Kf8 9. Bd3 Nxd2 10. Kxd2 c5 11. Nf3 c4 12. Be2 Nc6 13. h4 b5 14. Rhb1 Rb8 15. a4 bxa4 16. Rxb8 Nxb8 17. Rxa4 Nc6 18. Qf4 Bd7 19. Ra1 Qb6 20. Kc1 Ke7 21. Rb1 Qa5 22. Kd2 Rb8 23. Rxb8 Nxb8 24. g4 Nc6 25. g5 hxg5 26. Nxg5 Be8 27. Bh5 Nd8 28. Nh7 Kd7 29. Qg5 Nc6 30. Qxg7 Nxd4 31. Qg8 Nf5 32. Nf6+ Kc7 33. Nxe8+ 1-0

[Event "Regionalliga NO 1314"]
[Site "Bayern"]
[Date "2013.10.13"]
[Round "1.1"]
[White "Lutz, Dieter"]
[Black "Guthmann, Peter"]
[Result "1/2-1/2"]
[WhiteElo "2240"]
[BlackElo "2162"]
[PlyCount "89"]
[EventDate "2013.10.13"]
[EventType "team-tourn"]
[EventRounds "9"]
[EventCountry "GER"]
[SourceTitle "EXT 2015"]
[Source "ChessBase"]
[SourceDate "2014.11.20"]
[SourceVersion "1"]
[SourceVersionDate "2014.11.20"]
[SourceQuality "1"]
[WhiteTeam "Bechhofen"]
[BlackTeam "Gunzenhausen"]
[WhiteTeamCountry "GER"]
[BlackTeamCountry "GER"]

1. e4 c5 2. Nf3 e6 3. d4 cxd4 4. Nxd4 Nc6 5. Be2 Nf6 6. Nc3 Bb4 7. f3 a6 8. Be3 Qc7 9. Nxc6 bxc6 10. Qd4 c5 11. Qd3 d5 12. exd5 exd5 13. a3 Ba5 14. b4 cxb4 15. Nxd5 Nxd5 16. Qxd5 Bb7 17. Qb3 bxa3+ 18. Kf2 0-0 19. c4 Rfe8 20. Rhb1 Bc6 21. Qxa3 Qxh2 22. Qc5 Qh4+ 23. Kg1 Rxe3 24. Qxe3 Bc7 25. Qc5 Bg3 26. Rb6 Bd7 27. Rbxa6 Rxa6 28. Rxa6 h6 29. Bd3 g6 30. Be4 Bf4 31. Qf2 Qg5 32. Ra8+ Kh7 33. Qc2 Be3+ 34. Kf1 Qh4 35. Ke2 Bc5 36. Kd3 Qf4 37. Qd2 Qf6 38. Ke2 Be6 39. Ra5 Bxc4+ 40. Kd1 Bb3+ 41. Bc2 Bc4 42. Rxc5 Qa1+ 43. Bb1 Qxb1+ 44. Qc1 Qd3+ 45. Qd2 1/2-1/2

[Event "Regionalliga NO 1213"]
[Site "Bayern"]
[Date "2012.10.14"]
[Round "1.1"]
[White "Guthmann, Peter"]
[Black "Klek, Hanna Marie"]
[Result "1/2-1/2"]
[WhiteElo "2181"]
[BlackElo "2271"]
[PlyCount "138"]
[EventDate "2012.10.14"]
[EventType "team-tourn"]
[EventRounds "9"]
[EventCountry "GER"]
[SourceTitle "EXT 2015"]
[Source "ChessBase"]
[SourceDate "2014.11.20"]
[SourceVersion "1"]
[SourceVersionDate "2014.11.20"]
[SourceQuality "1"]
[WhiteTeam "Gunzenhausen"]
[BlackTeam "Erlangen"]
[WhiteTeamCountry "GER"]
[BlackTeamCountry "GER"]

1. e4 e5 2. Nf3 Nc6 3. Bb5 a6 4. Ba4 Nf6 5. 0-0 Be7 6. Re1 b5 7. Bb3 d6 8. c3 0-0 9. h3 Na5 10. Bc2 c5 11. d4 Qc7 12. Nbd2 Be6 13. d5 Bd7 14. Nf1 c4 15. Ng3 Nb7 16. Nf5 Bxf5 17. exf5 Nc5 18. Bg5 h6 19. Bxf6 Bxf6 20. Nd2 Rfb8 21. Ne4 Nxe4 22. Bxe4 b4 23. Qc2 Qc5 24. g3 a5 25. h4 Ra7 26. Qd2 Rab7 27. Rab1 Rb5 28. Qe3 Qxe3 29. fxe3 bxc3 30. bxc3 Rxb1 31. Rxb1 Rxb1+ 32. Bxb1 e4 33. Bxe4 Bxc3 34. Kf2 Kf8 35. Bg2 Be5 36. g4 Ke7 37. g5 hxg5 38. hxg5 Kd7 39. Bf1 c3 40. Ke2 Kc7 41. g6 fxg6 42. fxg6 Kb6 43. Kd3 Kc5 44. Kc2 Kxd5 45. Ba6 Ke4 46. Bd3+ Kxe3 47. Bf1 Kd4 48. Ba6 Kc5 49. Bf1 Kb4 50. Bg2 Kc5 51. Bf1 d5 52. Bg2 d4 53. Bf1 Kb4 54. Ba6 Ka3 55. Bc4 d3+ 56. Bxd3 Kxa2 57. Bc4+ Ka3 58. Be6 Kb4 59. Bf5 Kc4 60. Bd7 Kd5 61. Bb5 Kc5 62. Be8 Kb4 63. Bd7 a4 64. Be8 a3 65. Bf7 Kc5 66. Ba2 Kd4 67. Bb1 Ke3 68. Ba2 Kf4 69. Bb1 Ke3 1/2-1/2

[Event "Mittelfranken-chTB1 1112"]
[Site "Germany"]
[Date "2011.10.23"]
[Round "2.1"]
[White "Guthmann, Peter"]
[Black "Roeber, Juergen"]
[Result "1-0"]
[WhiteElo "2182"]
[BlackElo "2094"]
[PlyCount "91"]
[EventDate "2011.09.25"]
[EventType "team-tourn"]
[EventRounds "9"]
[EventCountry "GER"]
[SourceTitle "EXT 2013"]
[Source "ChessBase"]
[SourceDate "2012.11.22"]
[SourceVersion "1"]
[SourceVersionDate "2012.11.22"]
[SourceQuality "1"]
[WhiteTeam "Gunzenhausen"]
[BlackTeam "Heng Postbauer"]
[WhiteTeamCountry "GER"]
[BlackTeamCountry "GER"]

1. e4 c5 2. Nf3 Nc6 3. d4 cxd4 4. Nxd4 g6 5. c4 Bg7 6. Be3 Nf6 7. Nc3 d6 8. Be2 0-0 9. 0-0 Bd7 10. Nb3 Na5 11. Nd2 Rc8 12. Rc1 Be6 13. b3 Nd7 14. f4 f5 15. Nf3 Nf6 16. Ng5 Bd7 17. e5 Ng4 18. Bxg4 fxg4 19. e6 Bc6 20. Qxg4 b5 21. Qh3 h5 22. f5 Be8 23. Nxb5 Bxb5 24. fxg6 Rf6 25. Qxh5 Nxc4 26. Rxf6 exf6 27. bxc4 Rxc4 28. Rxc4 Bxc4 29. Nf7 Qb8 30. e7 Qb1+ 31. Kf2 Qf1+ 32. Kg3 Qe1+ 33. Kf4 Qf1+ 34. Qf3 Qxf3+ 35. gxf3 Bxf7 36. gxf7+ Kxf7 37. Bxa7 Kxe7 38. Kf5 Bh6 39. f4 d5 40. Bc5+ Kd7 41. Bd4 Kc6 42. a4 Bf8 43. h4 Bc5 44. h5 Bf8 45. Kg6 f5 46. h6 1-0

[Event "Mittelfranken-chTB1 1112"]
[Site "Germany"]
[Date "2011.09.25"]
[Round "1.1"]
[White "Adelhuette, Dennis"]
[Black "Guthmann, Peter"]
[Result "0-1"]
[WhiteElo "1951"]
[BlackElo "2182"]
[PlyCount "80"]
[EventDate "2011.09.25"]
[EventType "team-tourn"]
[EventRounds "9"]
[EventCountry "GER"]
[SourceTitle "EXT 2013"]
[Source "ChessBase"]
[SourceDate "2012.11.22"]
[SourceVersion "1"]
[SourceVersionDate "2012.11.22"]
[SourceQuality "1"]
[WhiteTeam "Erlangen SC II"]
[BlackTeam "Gunzenhausen"]
[WhiteTeamCountry "GER"]
[BlackTeamCountry "GER"]

1. d4 Nf6 2. Nc3 d5 3. Bg5 Bf5 4. Bxf6 exf6 5. a3 c6 6. f3 Bd6 7. e4 dxe4 8. fxe4 Bg6 9. Qf3 0-0 10. 0-0-0 Nd7 11. h4 h6 12. Bc4 b5 13. Bb3 Qb6 14. g4 a5 15. g5 fxg5 16. hxg5 Be7 17. gxh6 gxh6 18. Kb1 a4 19. Ba2 b4 20. axb4 Qxb4 21. Rf1 Rab8 22. Nxa4 Qxa4 23. Qg4 Rxb2+ 24. Kxb2 Qa3+ 25. Kb1 Rb8+ 26. Bb3 Rxb3+ 27. cxb3 Qxb3+ 28. Ka1 Qc3+ 29. Kb1 Qd3+ 30. Ka2 Qc4+ 31. Kb1 Qxf1+ 32. Ka2 Qc4+ 33. Kb1 Qxd4 34. Rxh6 Kg7 35. Rh3 Nf6 36. Qh4 Bxe4+ 37. Kc1 Qxg1+ 38. Kb2 Qb1+ 39. Kc3 Qc2+ 40. Kd4 Qc5# 0-1

[Event "Nuremberg LGA Cup 8th"]
[Site "Nuremberg"]
[Date "2011.09.11"]
[Round "6"]
[White "Strunski, Andreas"]
[Black "Guthmann, Peter"]
[Result "1-0"]
[WhiteElo "2264"]
[BlackElo "2190"]
[PlyCount "85"]
[EventDate "2011.09.08"]
[EventType "swiss"]
[EventRounds "7"]
[EventCountry "GER"]
[SourceTitle "CBM 144 Extra"]
[Source "ChessBase"]
[SourceDate "2011.10.28"]
[SourceVersion "1"]
[SourceVersionDate "2011.10.28"]
[SourceQuality "1"]

1. d4 d5 2. c4 e6 3. Nc3 Be7 4. Nf3 Nf6 5. Bf4 0-0 6. e3 Nbd7 7. c5 c6 8. h3 Ne4 9. Nxe4 dxe4 10. Nd2 e5 11. Bxe5 Nxe5 12. dxe5 Bxc5 13. Nxe4 Bb4+ 14. Nc3 Qa5 15. Qb3 Be6 16. Bc4 Bxc3+ 17. bxc3 Bxc4 18. Qxc4 Qxe5 19. 0-0 Qe6 20. Qb4 b6 21. Rfd1 Rfd8 22. Qa4 a5 23. Rab1 Rxd1+ 24. Rxd1 g6 25. Rd2 b5 26. Qd4 Qe7 27. Qb6 Qa3 28. Qxc6 Qc1+ 29. Kh2 Qxd2 30. Qxa8+ Kg7 31. Qxa5 Qd6+ 32. f4 Qd3 33. Qb4 Qxe3 34. Qd4+ Qxd4 35. cxd4 Kf6 36. Kg3 Ke6 37. Kf3 f5 38. Ke3 h6 39. Kd3 Kd5 40. a3 g5 41. fxg5 hxg5 42. g3 f4 43. gxf4 1-0

[Event "Nuremberg LGA Cup 8th"]
[Site "Nuremberg"]
[Date "2011.09.10"]
[Round "5"]
[White "Guthmann, Peter"]
[Black "Donchenko, Anatoly G"]
[Result "1/2-1/2"]
[WhiteElo "2190"]
[BlackElo "2329"]
[PlyCount "48"]
[EventDate "2011.09.08"]
[EventType "swiss"]
[EventRounds "7"]
[EventCountry "GER"]
[SourceTitle "CBM 144 Extra"]
[Source "ChessBase"]
[SourceDate "2011.10.28"]
[SourceVersion "1"]
[SourceVersionDate "2011.10.28"]
[SourceQuality "1"]

1. e4 c5 2. Nf3 e6 3. d3 Nc6 4. g3 Nf6 5. Bg2 Be7 6. 0-0 d6 7. c3 Rb8 8. Nbd2 0-0 9. Qe2 b5 10. a3 a5 11. d4 cxd4 12. Nxd4 Nxd4 13. cxd4 Qb6 14. e5 Nd5 15. Qg4 dxe5 16. dxe5 Qc7 17. Nf3 Kh8 18. Qh5 Bb7 19. Re1 Qc2 20. Bg5 Qg6 21. Qxg6 fxg6 22. Bxe7 Nxe7 23. Rac1 Rbc8 24. Nd4 Bxg2 1/2-1/2

[Event "Mittelfranken-chTB1 1011"]
[Site "Germany"]
[Date "2010.11.21"]
[Round "3.1"]
[White "Guthmann, Peter"]
[Black "Roeder, Frank"]
[Result "1/2-1/2"]
[WhiteElo "2117"]
[BlackElo "2148"]
[PlyCount "24"]
[EventDate "2010.09.26"]
[EventType "team-tourn"]
[EventRounds "9"]
[EventCountry "GER"]
[SourceTitle "EXT 2012"]
[Source "ChessBase"]
[SourceDate "2011.11.24"]
[SourceVersion "1"]
[SourceVersionDate "2011.11.24"]
[SourceQuality "1"]
[WhiteTeam "Gunzenhausen"]
[BlackTeam "Altensittenbach"]
[WhiteTeamCountry "GER"]
[BlackTeamCountry "GER"]

1. d4 d5 2. c4 c6 3. Nf3 Nf6 4. Nc3 Bf5 5. Qb3 Qb6 6. c5 Qc7 7. Bf4 Qc8 8. e3 Nbd7 9. Be2 e6 10. 0-0 Be7 11. Qd1 Ne4 12. Nxe4 Bxe4 1/2-1/2

[Event "Mittelfranken-chTB1 1011"]
[Site "Germany"]
[Date "2010.10.17"]
[Round "2.1"]
[White "Adler, Herbert"]
[Black "Guthmann, Peter"]
[Result "0-1"]
[WhiteElo "1921"]
[BlackElo "2117"]
[PlyCount "104"]
[EventDate "2010.09.26"]
[EventType "team-tourn"]
[EventRounds "9"]
[EventCountry "GER"]
[SourceTitle "EXT 2012"]
[Source "ChessBase"]
[SourceDate "2011.11.24"]
[SourceVersion "1"]
[SourceVersionDate "2011.11.24"]
[SourceQuality "1"]
[WhiteTeam "Buechenbach/Roth"]
[BlackTeam "Gunzenhausen"]
[WhiteTeamCountry "GER"]
[BlackTeamCountry "GER"]

1. d4 d5 2. c4 e6 3. Nf3 Nf6 4. g3 Be7 5. Bg2 0-0 6. 0-0 c6 7. Qc2 Nbd7 8. b3 b6 9. Nbd2 Bb7 10. e4 dxe4 11. Nxe4 c5 12. Ne5 cxd4 13. Nxf6+ Bxf6 14. Bxb7 Nxe5 15. Ba3 Re8 16. Qe4 Rb8 17. Rad1 Qc7 18. Ba6 Qc6 19. Qxc6 Nxc6 20. Bd6 Rbd8 21. c5 bxc5 22. Bxc5 Be7 23. Rc1 Bxc5 24. Rxc5 Nb4 25. Bb5 Re7 26. a3 Nd5 27. Rd1 Rc7 28. Rxc7 Nxc7 29. Bc4 g6 30. Kf1 Kg7 31. Ke2 e5 32. Kd3 f5 33. f3 Kf6 34. b4 Rc8 35. Rb1 Ne8 36. Rb3 Nd6 37. Bd5 Nb5 38. Bb7 Rc7 39. Ba6 Nc3 40. Bc4 Rd7 41. b5 e4+ 42. fxe4 fxe4+ 43. Kc2 Rd6 44. Rb4 Rb6 45. a4 a5 46. Rb2 Nxa4 47. Ra2 d3+ 48. Kd2 Nc5 49. Rxa5 Ke5 50. Ke3 Rf6 51. b6 Rf3+ 52. Kd2 Kd4 0-1